[Event "Turin olympic op-A"]
[Site "Turin"]
[Date "2006.05.26"]
[Round "6"]
[White "Bottini, Paolo"]
[Black "Imbraguglia, Fabio"]
[Result "0-1"]
[WhiteElo "1908"]
[BlackElo "2072"]
[PlyCount "78"]
[EventDate "2006.05.22"]
[EventType "swiss"]
[EventRounds "9"]
[EventCountry "ITA"]
[SourceTitle "EXT 2011"]
[Source "ChessBase"]
[SourceDate "2010.11.26"]
[SourceVersion "1"]
[SourceVersionDate "2010.11.26"]
[SourceQuality "1"]

1. e4 e5 2. Nf3 Nf6 3. Nxe5 d6 4. Nf3 Nxe4 5. d4 d5 6. Bd3 Bd6 7. 0-0 0-0 8. c4 c6 9. Nc3 Nxc3 10. bxc3 dxc4 11. Bxc4 Bg4 12. Rb1 Nd7 13. Bd3 Rb8 14. Re1 Qf6 15. Be4 Rfe8 16. h3 Rxe4 17. Rxe4 Bf5 18. Bg5 Qg6 19. Re1 Bxb1 20. Qxb1 Qxb1 21. Rxb1 f6 22. Be3 Nb6 23. Nd2 Nd5 24. Ne4 Bf8 25. Bd2 Re8 26. Ng3 b5 27. Kf1 Kf7 28. Nf5 Nb6 29. Ne3 g6 30. Ke2 Bh6 31. Kd3 Ke6 32. Ng4 Bxd2 33. Kxd2 Nc4+ 34. Kd3 Kf7 35. Ne3 Nd6 36. Rb2 f5 37. g3 Kf6 38. f4 Rxe3+ 39. Kxe3 Nc4+ 0-1

[Event "Catania weekend op 9th"]
[Site "Catania"]
[Date "2005.02.13"]
[Round "3"]
[White "Imbraguglia, Fabio"]
[Black "Santagati, Alessandro"]
[Result "0-1"]
[WhiteElo "2036"]
[BlackElo "2107"]
[PlyCount "72"]
[EventDate "2005.02.12"]
[EventType "swiss"]
[EventRounds "6"]
[EventCountry "ITA"]
[SourceTitle "EXT 2007"]
[Source "ChessBase"]
[SourceDate "2006.11.23"]
[SourceVersion "1"]
[SourceVersionDate "2006.11.23"]
[SourceQuality "1"]

1. d4 d5 2. c4 c6 3. cxd5 cxd5 4. Nc3 Nc6 5. Bf4 Nf6 6. e3 a6 7. Nf3 Bg4 8. Be2 e6 9. 0-0 Be7 10. a3 0-0 11. b4 b5 12. Rc1 Rc8 13. h3 Bh5 14. Ne5 Nxe5 15. Bxe5 Bxe2 16. Qxe2 Nd7 17. Qg4 Bf6 18. Bd6 Re8 19. Nb1 Nb6 20. Rxc8 Qxc8 21. Bc5 Nc4 22. Qe2 Be7 23. Qa2 a5 24. Rc1 Qa6 25. Qb3 axb4 26. axb4 Bg5 27. Rc2 Ra8 28. Nc3 Qa1+ 29. Kh2 h6 30. Nxb5 Qf1 31. Ra2 Rxa2 32. Qxa2 Qe1 33. g3 Nd2 34. h4 Qxf2+ 35. Kh3 Qf1+ 36. Kg4 Qf5+ 0-1

[Event "ITA-ch U20"]
[Site "Porto San Giorgio"]
[Date "2004.08.23"]
[Round "4"]
[White "Lain, Luigi"]
[Black "Imbraguglia, Fabio"]
[Result "1-0"]
[WhiteElo "2243"]
[BlackElo "1988"]
[PlyCount "49"]
[EventDate "2004.08.20"]
[EventType "swiss"]
[EventRounds "9"]
[EventCountry "ITA"]
[SourceTitle "EXT 2005"]
[Source "ChessBase"]
[SourceDate "2004.11.15"]
[SourceVersion "1"]
[SourceVersionDate "2004.11.15"]
[SourceQuality "1"]

1. d4 Nf6 2. c4 e6 3. Nc3 Bb4 4. Qc2 b6 5. Nf3 Bb7 6. a3 Bxc3+ 7. Qxc3 0-0 8. e3 c5 9. dxc5 bxc5 10. Bd3 Qc7 11. b4 d5 12. bxc5 Qxc5 13. Bb2 Nbd7 14. cxd5 Qxc3+ 15. Bxc3 Nxd5 16. Bd4 N5b6 17. 0-0 Bxf3 18. gxf3 e5 19. Bc3 f5 20. Rfd1 Rac8 21. Bb4 Rf6 22. Bb5 Rg6+ 23. Kf1 Nf6 24. Ba6 Rc2 25. Bd3 1-0